000 01051cam a22002891 4500
001 7069777
003 OSt
005 20230619115252.0
008 770902r1966uuuuenkabcf b 001 0 eng
010 _a 66072624
015 _aGB66-9952
035 _a(OCoLC)3236273
040 _aDLC
_cOClW
_dOCoLC
_dUk
_dDLC
042 _apremarc
050 0 0 _aDT429
_b.M5 1966
082 _a301.296897
_bMIT
100 1 _aMitchell, J. Clyde
_q(James Clyde),
_d1918-1995.
245 1 4 _aThe Yao village:
_ba study in the social structure of a Nyasaland tribe,
_cby J. Clyde Mitchell.
250 _a[1st ed.]
_breprinted with minor corrections.
260 _aManchester,
_bpublished on behalf of the Rhodes-Livingstone Institute, Northern Rhodesia by Manchester U.P.,
_c1966.
300 _axviii, 238 p.
_bfront., 9 plates (incl. ports.) maps, tables, diagrs.
_c23 cm.
504 _aBibliography: p. 227-230.
650 0 _aYao (African people)
710 2 _aRhodes-Livingstone Institute
906 _a7
_bcbc
_coclcrpl
_du
_encip
_f19
_gy-gencatlg
942 _2ddc
_cBK
999 _c1265
_d1265